[Event "3rd ACT"]
[Site "Amsterdam NED"]
[Date "2006.07.17"]
[Round "3"]
[White "De Jong,M"]
[Black "Li Shilong"]
[Result "0-1"]
[WhiteElo "2241"]
[BlackElo "2540"]
[EventDate "2006.07.15"]

1. e4 e6 2. d4 d5 3. Bd3 Nf6 4. e5 Nfd7 5. Nf3 c5 6. c3 Nc6 7. Be3 Be7 8.
Nbd2 a5 9. O-O cxd4 10. cxd4 Nb6 11. a3 Bd7 12. Nb3 a4 13. Nc5 Na5 14. Qe2
Nbc4 15. Nxd7 Kxd7 16. Nd2 b5 17. Nxc4 bxc4 18. Bc2 Nc6 19. f4 g6 20. g4
Qb6 21. Qd2 h5 22. f5 hxg4 23. fxg6 fxg6 24. Rf7 Rh3 25. Bg5 Rf3 26. Bxe7
Rxf7 27. Bc5 Nxe5 28. Qe2 Nf3+ 29. Qxf3 gxf3 30. Bxb6 Kc6 31. Bc5 e5 32.
Kf2 e4 33. Rg1 Rf6 34. h4 Kb5 35. Be7 e3+ 36. Kf1 Rf7 37. Bg5 f2 38. Rh1
e2+ 39. Kxe2 Re8+ 40. Be3 Rxe3+ 41. Kxe3 f1=Q 42. Rxf1 Rxf1 43. Bxg6 Rh1
44. Be8+ Kb6 45. Bf7 Kc6 46. h5 Rh2 47. Be8+ Kd6 48. Kf4 Rxb2 49. h6 c3 50.
Ke3 Rh2 51. Kd3 c2 0-1

[Event "3rd ACT"]
[Site "Amsterdam NED"]
[Date "2006.07.17"]
[Round "3"]
[White "Bakker,S"]
[Black "Hopman,P"]
[Result "0-1"]
[WhiteElo "2231"]
[BlackElo "2304"]
[EventDate "2006.07.15"]

1. d4 d6 2. e4 Nf6 3. f3 c5 4. d5 g6 5. c4 Bg7 6. Nc3 O-O 7. Bg5 Na6 8.
Nge2 Nc7 9. Nc1 a6 10. a4 Rb8 11. Qd2 e6 12. a5 exd5 13. cxd5 Re8 14. Be2
b5 15. O-O Bd7 16. b4 cxb4 17. N3a2 h6 18. Bxf6 Qxf6 19. Nb3 Qb2 20. Qxb2
Bxb2 21. Rab1 Bc3 22. Bd3 Rec8 23. Rfc1 Ne8 24. Rc2 Rc7 25. Kf2 Rbc8 26.
Rbc1 f5 27. Ke3 Kf7 28. Be2 Rc4 29. Bxc4 bxc4 30. Rxc3 bxc3 31. Nd4 Rc5 32.
Nxc3 Rxa5 33. Rb1 Ra3 34. Nde2 fxe4 35. fxe4 Nf6 36. Kd4 Rb3 37. Rf1 Rb2
38. Kxc4 Bb5+ 39. Nxb5 axb5+ 40. Kd3 Ke7 41. Nd4 Nd7 42. Rg1 b4 43. h4 h5
44. Nc6+ Kf6 45. Kd4 Nb6 46. Rf1+ Kg7 47. e5 Rd2+ 48. Ke4 Nxd5 49. e6 Nc3+
50. Kf4 Re2 51. Nxb4 0-1

[Event "3rd ACT"]
[Site "Amsterdam NED"]
[Date "2006.07.17"]
[Round "3"]
[White "Moll,A"]
[Black "Bensdorp,M"]
[Result "1-0"]
[WhiteElo "2180"]
[BlackElo "2290"]
[EventDate "2006.07.15"]

1. e4 e6 2. d4 d5 3. Nc3 Bb4 4. e5 c5 5. a3 Bxc3+ 6. bxc3 Qc7 7. Nf3 b6 8.
Bb5+ Bd7 9. Bd3 c4 10. Be2 Ba4 11. h4 Ne7 12. h5 h6 13. Nh4 Nbc6 14. O-O
O-O-O 15. Bg4 Kb7 16. f4 Rdf8 17. f5 exf5 18. Nxf5 Nxf5 19. Rxf5 Nd8 20.
Rf2 Re8 21. Qf3 Qc6 22. g3 Rhf8 23. Qg2 Ne6 24. Bf3 Rd8 25. Be3 Qd7 26. Bg4
Qe7 27. Raf1 Bc6 28. Qh3 Nc7 29. Qh4 Qe8 30. Rxf7 Rxf7 31. Rxf7 Qxf7 32.
Qxd8 Qe8 33. Qd6 Nb5 34. Qb4 a5 35. Qb2 Qe7 36. Bc1 Nc7 37. Bf4 Nb5 38. Bc1
Nc7 39. Bf3 Qf7 40. Bf4 Qf5 41. Qc1 Nb5 42. Qb2 Nc7 43. Qc1 Ba4 44. g4 Qf7
45. Qe3 Kc6 46. e6 Qxe6 47. Be5 Bxc2 48. Qf2 Bd3 49. Bxg7 Ne8 50. Be5 Nd6
51. Qh4 Be4 52. Bd1 Kd7 53. g5 Nf5 54. Ba4+ Ke7 55. Qf4 hxg5 56. Qxg5+ Kf7
57. Kf2 Kf8 58. h6 Qe7 59. h7 Qxg5 60. h8=Q+ Qg8 61. Qf6+ Qf7 62. Qd8+ 1-0

[Event "3rd ACT"]
[Site "Amsterdam NED"]
[Date "2006.07.17"]
[Round "3"]
[White "Szymczak,Z"]
[Black "Cornelisse,J"]
[Result "1-0"]
[WhiteElo "2288"]
[BlackElo "2216"]
[EventDate "2006.07.15"]

1. e4 e5 2. Nf3 Nc6 3. Bb5 a6 4. Ba4 Nf6 5. d3 d6 6. c3 Be7 7. Nbd2 O-O 8.
Nf1 b5 9. Bb3 d5 10. Qe2 dxe4 11. dxe4 Bg4 12. Ng3 Qd7 13. O-O Rad8 14. h3
Bxf3 15. Qxf3 Qd3 16. Be3 Qd7 17. Rad1 Qc8 18. Nf5 Rd7 19. Bh6 Ne8 20. Rxd7
Qxd7 21. Bxg7 Nxg7 22. Qg4 1-0

[Event "3rd ACT"]
[Site "Amsterdam NED"]
[Date "2006.07.17"]
[Round "3"]
[White "Witt,Rob"]
[Black "Eggleston,D"]
[Result "0-1"]
[WhiteElo "2296"]
[BlackElo "2232"]
[EventDate "2006.07.15"]

1. d4 e6 2. c4 f5 3. g3 Nf6 4. Bg2 Be7 5. Nh3 d6 6. b3 O-O 7. Bb2 Qe8 8.
O-O Nbd7 9. Nf4 Bd8 10. d5 e5 11. Ne6 Rf7 12. Nc3 Nf8 13. Nxd8 Qxd8 14. e3
f4 15. exf4 exf4 16. Qd4 Ng6 17. Rfe1 Bg4 18. Ne4 Nxe4 19. Rxe4 Qd7 20.
Rae1 Ne5 21. gxf4 Nf3+ 22. Bxf3 Bxf3 23. Re6 Raf8 24. Bc1 Qd8 25. Qd3 Bg4
26. Qg3 Bxe6 27. dxe6 Re7 28. Bb2 Qe8 29. Kh1 Qg6 30. Qc3 Rxf4 31. f3 Qh5
32. Kg2 Rf6 33. h3 Rexe6 34. Rxe6 Qg6+ 0-1

[Event "3rd ACT"]
[Site "Amsterdam NED"]
[Date "2006.07.17"]
[Round "3"]
[White "Zhang,T"]
[Black "Bosboom,M"]
[Result "1/2-1/2"]
[WhiteElo "2217"]
[BlackElo "2390"]
[EventDate "2006.07.15"]

1. e4 c5 2. Nf3 d6 3. d4 cxd4 4. Nxd4 Nf6 5. Nc3 a6 6. Bg5 e6 7. f4 h6 8.
Bh4 Nbd7 9. Qf3 Rg8 10. O-O-O g5 11. fxg5 hxg5 12. Bg3 g4 13. Qf2 Nh5 14.
Kb1 Nxg3 15. Qxg3 Qg5 16. Be2 Ne5 17. h3 gxh3 18. Qxg5 Rxg5 19. gxh3 Bd7
20. Rdf1 Bg7 21. h4 Rg3 22. h5 Ng4 23. Bxg4 Bxd4 24. Bxe6 fxe6 25. Ne2 Rg4
26. Nxd4 Ke7 27. Rfg1 Rxg1+ 28. Rxg1 Rh8 29. Rg7+ Ke8 30. Rg5 Kf7 31. c3
Kf6 32. Rg6+ Ke5 33. Rg7 Bc8 34. Re7 a5 35. Kc2 b6 36. Kd3 Rxh5 37. Rf7 d5
38. Nf3+ Kd6 39. e5+ Rxe5 40. Nxe5 Kxe5 41. Rf8 Ba6+ 42. Ke3 Kd6 43. Rb8
Kc7 44. Rh8 Kd6 45. Rh6 Bb5 46. Kd4 Bc6 47. Rg6 Be8 48. Rh6 Bc6 49. a3 Ba4
50. c4 Bb3 51. cxd5 Bxd5 52. Rh5 Bc6 53. Re5 Bb7 54. Re3 Bc6 55. b3 Bd5
1/2-1/2

[Event "3rd ACT"]
[Site "Amsterdam NED"]
[Date "2006.07.17"]
[Round "3"]
[White "Overeem,M"]
[Black "Thiel,T"]
[Result "1-0"]
[WhiteElo "2243"]
[BlackElo "2302"]
[EventDate "2006.07.15"]

1. c4 e5 2. Nc3 d6 3. g3 f5 4. Bg2 Nf6 5. e3 c6 6. Nge2 Be6 7. b3 Be7 8.
O-O O-O 9. d4 Qa5 10. Bb2 Nbd7 11. a3 Rae8 12. Qd2 Kh8 13. Rfd1 Bg8 14. b4
Qc7 15. c5 dxc5 16. bxc5 Bb3 17. Re1 Rd8 18. Qc1 Rfe8 19. Nb1 Bf8 20. Nd2
Bd5 21. Nc4 e4 22. h4 b6 23. cxb6 axb6 24. Nf4 Bf7 25. Bh3 c5 26. Ne5 Rxe5
27. dxe5 Nxe5 28. Rd1 Re8 29. Bxf5 Bb3 30. Qc3 Bxd1 31. Rxd1 Qf7 32. Kg2
Nf3 33. Bh3 Nh5 34. Rd7 Nxf4+ 35. exf4 Qg6 36. f5 Qh6 37. f6 gxf6 38. Qxf6+
Qxf6 39. Bxf6+ Kg8 40. Bf5 Ne1+ 41. Kf1 e3 42. Bxh7+ 1-0

[Event "3rd ACT"]
[Site "Amsterdam NED"]
[Date "2006.07.17"]
[Round "3"]
[White "Hofland,L"]
[Black "Taylor,Pe"]
[Result "1/2-1/2"]
[WhiteElo "2272"]
[BlackElo "2220"]
[EventDate "2006.07.15"]

1. c4 Nf6 2. g3 e5 3. Bg2 c6 4. d4 exd4 5. Qxd4 Na6 6. Nf3 Bc5 7. Qe5+ Qe7
8. Qxe7+ Bxe7 9. Nc3 Nb4 10. O-O d5 11. cxd5 Nbxd5 12. Nxd5 1/2-1/2

[Event "3rd ACT"]
[Site "Amsterdam NED"]
[Date "2006.07.18"]
[Round "4"]
[White "Ftacnik,L"]
[Black "L'Ami,E"]
[Result "0-1"]
[WhiteElo "2579"]
[BlackElo "2586"]
[EventDate "2006.07.15"]

1. d4 Nf6 2. Nf3 g6 3. c4 Bg7 4. Nc3 d5 5. Bf4 O-O 6. Rc1 dxc4 7. e4 Bg4 8.
Bxc4 Nh5 9. Be3 Bxf3 10. gxf3 e5 11. dxe5 Bxe5 12. Qxd8 Rxd8 13. O-O Nc6
14. Bd5 Nf4 15. Rcd1 Nxd5 16. Nxd5 f5 17. b3 Rac8 18. Bg5 Re8 19. Rfe1 Kf7
20. Kg2 Nd4 21. f4 Bg7 22. exf5 Nxf5 23. Rxe8 Kxe8 24. Bf6 Kf7 25. Bxg7
Nxg7 26. Nc3 Ke7 27. Re1+ Ne6 28. Kg3 Rd8 29. Ne4 Kf7 30. Re3 h6 31. Rc3
Rd5 32. Rc2 Rd3+ 33. f3 Rxf3+ 34. Kxf3 Nd4+ 35. Kg4 Nxc2 36. Nc3 Ke6 37. h4
Ne3+ 38. Kf3 Nd5 39. Nb5 a6 40. Nd4+ Kf6 41. Ne2 Nb4 42. a4 Nd3 43. Nc3 Kf5
44. Nd5 Nc5 45. Nxc7 Nxb3 46. Nd5 Nd2+ 47. Ke3 Nc4+ 48. Kd4 Nd6 49. a5 Ke6
50. Ne3 Nf5+ 51. Nxf5 gxf5 52. Kc5 Kd7 53. Kd5 h5 54. Ke5 b6 0-1

[Event "3rd ACT"]
[Site "Amsterdam NED"]
[Date "2006.07.18"]
[Round "4"]
[White "Ansell,S"]
[Black "Al Modiahki,M"]
[Result "1/2-1/2"]
[WhiteElo "2391"]
[BlackElo "2564"]
[EventDate "2006.07.15"]

1. e4 e6 2. d3 d5 3. Nd2 Nf6 4. Ngf3 b6 5. c3 c5 6. Qa4+ Qd7 7. Qxd7+ Nfxd7
8. exd5 exd5 9. d4 Bd6 10. Bb5 O-O 11. O-O a6 12. Ba4 Bb7 13. Re1 Nc6 14.
Nf1 b5 15. Bb3 cxd4 16. cxd4 Nb6 17. Bg5 h6 18. Bh4 Nc4 19. Ne3 Bb4 20. Re2
Rfe8 21. a3 Ba5 22. Rd1 f5 23. Rc2 g5 24. Nxd5 Bd8 25. Bxc4 bxc4 26. Bg3 f4
27. Nxf4 gxf4 28. Bxf4 Na5 29. Bxh6 Kh7 30. Be3 Be4 31. Rc3 Rb8 32. Bc1 Rb3
33. Re1 Rxc3 34. bxc3 Bc6 35. Rxe8 Bxe8 36. Bg5 Bc7 37. Be7 Kg6 38. g4 Nc6
39. Bc5 Bd7 40. h3 Be6 41. Nh4+ Kf6 42. Ng2 Ne7 43. Ne3 Bf4 44. Kf1 Kf7 45.
Bxe7 Kxe7 46. Ke2 Bd6 47. a4 Bc7 48. Kf3 Ba5 49. Ke4 Bxc3 50. Nd5+ Bxd5+
51. Kxd5 Be1 52. Kxc4 Bxf2 53. Kc5 a5 54. Kb5 Be1 55. Kc6 Bh4 56. Kb5 Be1
57. h4 Bxh4 58. Kxa5 Bf6 59. d5 1/2-1/2

[Event "3rd ACT"]
[Site "Amsterdam NED"]
[Date "2006.07.18"]
[Round "4"]
[White "Erenburg,S"]
[Black "Tan,Mat"]
[Result "1-0"]
[WhiteElo "2585"]
[BlackElo "2288"]
[EventDate "2006.07.15"]

1. e4 e6 2. d4 d5 3. Nd2 Nf6 4. e5 Nfd7 5. Bd3 c5 6. c3 Nc6 7. Ngf3 g6 8.
O-O Bg7 9. Re1 O-O 10. Bc2 a5 11. Nf1 Qb6 12. dxc5 Qc7 13. Bf4 Nxc5 14. Qe2
f6 15. exf6 Qxf4 16. fxg7 Kxg7 17. Qe3 Qxe3 18. Nxe3 Rf4 19. Rad1 Bd7 20.
a3 a4 21. Nd4 Ra6 22. Ne2 Rf7 23. c4 d4 24. Nxd4 Rb6 25. Nb5 Na5 26. Rd6
Bc6 27. Rc1 Rd7 28. Rxd7+ Bxd7 29. Bd1 Nd3 30. Rc2 Nxc4 31. Nxc4 Rxb5 32.
Rd2 Rd5 33. Nb6 Rd6 34. Nxd7 Rxd7 35. Bxa4 Rd5 36. Kf1 e5 37. Bb3 Rd4 38.
Ba2 e4 39. Bb1 Kf6 40. f3 Ke5 41. Bxd3 exd3 42. Kf2 Rc4 43. Ke3 1-0

[Event "3rd ACT"]
[Site "Amsterdam NED"]
[Date "2006.07.18"]
[Round "4"]
[White "Stellwagen,D"]
[Black "Van de Oudeweetering,A"]
[Result "1/2-1/2"]
[WhiteElo "2575"]
[BlackElo "2345"]
[EventDate "2006.07.15"]

1. e4 e5 2. Nf3 Nc6 3. Bb5 a6 4. Ba4 Nf6 5. O-O Be7 6. Re1 d6 7. c3 Bg4 8.
h3 Bh5 9. d3 Qd7 10. Bg5 h6 11. Bxf6 Bxf3 12. Qxf3 Bxf6 13. Nd2 O-O 14. Nf1
b5 15. Bb3 Na5 16. Bc2 Bg5 17. b4 Nc6 18. a4 Ne7 19. Bb3 Rac8 20. axb5 axb5
21. Ra7 Qc6 22. Ra3 Kh7 23. d4 exd4 24. cxd4 Qb6 25. e5 dxe5 26. dxe5 c5
27. Bxf7 cxb4 28. Rd3 Rc3 29. e6 Qc5 30. Ng3 Qc4 31. Red1 Bf4 32. Ne2 Rxd3
33. Qxd3+ Qxd3 34. Rxd3 Be5 35. f4 Bf6 36. g4 g6 37. Ng3 Ra8 38. Ne4 Kg7
39. Kf2 Ra3 40. Ke2 b3 41. Nd2 Nc6 42. Ke3 Nd4 43. Rxd4 Bxd4+ 44. Kxd4 b2
45. Be8 Rxh3 46. e7 Kf6 47. Bxg6 Kxe7 48. Ke5 Rh2 49. Nb1 Rg2 50. Bf5
1/2-1/2

[Event "3rd ACT"]
[Site "Amsterdam NED"]
[Date "2006.07.18"]
[Round "4"]
[White "Pruijssers,R"]
[Black "Parker,J"]
[Result "0-1"]
[WhiteElo "2355"]
[BlackElo "2509"]
[EventDate "2006.07.15"]

1. e4 e5 2. Nf3 Nc6 3. Bb5 a6 4. Ba4 Nf6 5. O-O Bc5 6. c3 b5 7. Bb3 d6 8.
a4 Bg4 9. h3 Bxf3 10. Qxf3 O-O 11. d3 Na5 12. Bc2 b4 13. Nd2 Rb8 14. Qd1
Re8 15. Re1 c6 16. Nf1 b3 17. Bb1 d5 18. exd5 Qxd5 19. Bg5 Nd7 20. Ng3 Bf8
21. Qd2 Nb7 22. Be3 a5 23. Rd1 g6 24. d4 Nd6 25. Bd3 e4 26. Bf1 Nb6 27. Bf4
Ndc4 28. Qc1 Bd6 29. Bxc4 Nxc4 30. Bxd6 Qxd6 31. Nf1 f5 32. Ne3 Nxe3 33.
fxe3 f4 34. Rf1 f3 35. Qe1 Rf8 36. Qh4 Qe6 37. Qg3 Rbe8 38. Rae1 Qd5 39.
Rf2 fxg2 40. Ree2 Rf3 41. Qxg2 Ref8 42. Qg4 Qf7 43. Rg2 Rf1+ 44. Kh2 Qc7+
45. Qg3 Qxg3+ 46. Kxg3 Ra1 47. Ref2 Rxa4 48. Rxf8+ Kxf8 49. Rg1 Ra2 50. Rb1
g5 51. Kg4 Ke7 52. Kf5 a4 53. Kxe4 h5 54. c4 g4 55. hxg4 h4 56. Kf3 h3 57.
Rh1 Rxb2 58. Rxh3 a3 59. Rh7+ Kf8 0-1

[Event "3rd ACT"]
[Site "Amsterdam NED"]
[Date "2006.07.18"]
[Round "4"]
[White "Spoelman,W"]
[Black "Peelen,P"]
[Result "1-0"]
[WhiteElo "2461"]
[BlackElo "2352"]
[EventDate "2006.07.15"]

1. e4 e5 2. Nf3 Nc6 3. Bb5 a6 4. Ba4 Nf6 5. O-O Be7 6. Re1 b5 7. Bb3 O-O 8.
h3 Bb7 9. d3 d6 10. a3 Nb8 11. c4 Nbd7 12. Nc3 c6 13. d4 h6 14. c5 Qc7 15.
cxd6 Bxd6 16. Be3 Rad8 17. Rc1 Qb8 18. Qc2 Rfe8 19. Rcd1 exd4 20. Nxd4 c5
21. Nf5 Bh2+ 22. Kh1 c4 23. Ba2 Nxe4 24. Bxh6 Nxc3 25. bxc3 gxh6 26. Nxh6+
Kg7 27. Nf5+ Kf8 28. Rxe8+ Rxe8 29. Qd2 Bf4 30. Qxd7 Qa8 31. Nh4 Re2 32.
Qd4 Be5 33. Qc5+ Kg8 34. Bb1 Bf6 35. Qf5 Bxh4 36. Qg4+ Kf8 37. Qxh4 Bxg2+
38. Kg1 Be4 39. Rd8+ 1-0

[Event "3rd ACT"]
[Site "Amsterdam NED"]
[Date "2006.07.18"]
[Round "4"]
[White "Michiels,B"]
[Black "Schoorl,R"]
[Result "1-0"]
[WhiteElo "2455"]
[BlackElo "2289"]
[EventDate "2006.07.15"]

1. c4 Nf6 2. g3 c5 3. Bg2 d5 4. cxd5 Nxd5 5. Nc3 Nc7 6. Qa4+ Nd7 7. Nf3 g6
8. d4 Bg7 9. dxc5 O-O 10. Be3 Ne6 11. Qb4 b6 12. c6 a5 13. Qa3 Ndc5 14. O-O
Ba6 15. Rfd1 Qb8 16. Ng5 Nxg5 17. Bxg5 Ra7 18. Nd5 e6 19. Nxb6 Qxb6 20. Be3
Qxb2 21. Qxb2 Bxb2 22. Bxc5 Bxa1 23. Bxa7 Be5 24. Bb6 a4 25. f4 Bf6 26. c7
Rc8 27. Rd8+ Kg7 28. a3 e5 29. Bh3 Bxd8 30. cxd8=Q Rxd8 31. Bxd8 exf4 32.
gxf4 Bxe2 33. Bd7 Bd1 34. Kf2 f6 35. Ke3 h6 36. Kd4 g5 37. f5 h5 38. Kd5 h4
39. Ke6 Bb3+ 40. Ke7 g4 41. Bc7 1-0

[Event "3rd ACT"]
[Site "Amsterdam NED"]
[Date "2006.07.18"]
[Round "4"]
[White "Burg,T"]
[Black "Van der Weide,K"]
[Result "0-1"]
[WhiteElo "2268"]
[BlackElo "2446"]
[EventDate "2006.07.15"]

1. e4 c5 2. Nf3 d6 3. d4 cxd4 4. Nxd4 Nf6 5. Nc3 a6 6. Bg5 e6 7. f4 Qc7 8.
Bxf6 gxf6 9. Qd2 Nc6 10. O-O-O Bd7 11. Kb1 O-O-O 12. Be2 h5 13. Rhf1 Kb8
14. f5 Nxd4 15. Qxd4 Be7 16. Bf3 Rc8 17. h4 Qc5 18. Qd2 Qe5 19. Ne2 Rc4 20.
Nf4 Rhc8 21. Rc1 exf5 22. Nd3 Qb5 23. exf5 Bxf5 24. Be2 Qd5 25. Qe3 Be6 26.
b3 Rxh4 27. Qf2 Qd4 28. Nf4 Qxf2 29. Rxf2 Rg8 30. Bxh5 Rg5 31. Be2 Re5 32.
Bd3 d5 33. Nh3 Kc7 34. Ng1 Re3 35. Nf3 Rf4 36. Kb2 Bd6 37. Rh1 Be5+ 38. Kc1
Bc3 39. Re2 Rxe2 40. Bxe2 Kd6 41. Bd3 Rg4 42. Nh4 Kc5 43. Kd1 f5 44. Bf1
Kb4 45. a4 Ka3 46. Nf3 Kb2 47. Rh2 Re4 48. Rh4 Re3 49. Be2 Bd7 50. Rh7 Re7
51. Rh5 d4 52. Rh4 Bc6 53. Nd2 Rxe2 54. Nc4+ Kb1 55. Kxe2 Kxc2 56. Ne5 Bxg2
57. Nd3 Be4 58. Ne1+ Kxb3 59. Rh7 Bxe1 60. Kxe1 Kxa4 61. Rxf7 a5 62. Rd7 d3
63. Kd2 b5 64. Kc1 Kb3 65. Kb1 d2+ 66. Ka1 Kc2 67. Rc7+ Kd3 68. Rc1 dxc1=Q+
69. Ka2 Bd5+ 0-1

[Event "3rd ACT"]
[Site "Amsterdam NED"]
[Date "2006.07.18"]
[Round "4"]
[White "Blees,A"]
[Black "Vogel,Ja"]
[Result "1/2-1/2"]
[WhiteElo "2400"]
[BlackElo "2246"]
[EventDate "2006.07.15"]

1. c4 e6 2. Nc3 Bb4 3. Qc2 Nf6 4. a3 Bxc3 5. Qxc3 O-O 6. g3 d6 7. Bg2 e5 8.
e3 Nc6 9. Ne2 d5 10. cxd5 Nxd5 11. Qc5 Be6 12. O-O Qd6 13. Qc2 a5 14. b3
Rfd8 15. Bb2 Nde7 16. d4 exd4 17. Nxd4 Nxd4 18. Bxd4 Nc6 19. Bc3 Qd3 20.
Qb2 f6 21. b4 axb4 22. axb4 Rxa1 23. Qxa1 Qb5 24. Rc1 Qh5 25. Qb1 Bd5 26.
b5 Bxg2 27. Kxg2 Ne7 28. e4 Qf7 29. Ba5 b6 30. Bb4 Ng6 31. Qc2 Qe6 32. Qxc7
Qxe4+ 33. Kg1 Qe8 34. Qxb6 Ne5 35. Qb7 Rb8 36. Qd5+ Qf7 37. Qe4 Qb7 38.
Qxb7 Rxb7 39. f4 Rxb5 40. Rc8+ Kf7 41. Rc7+ Ke6 42. Re7+ Kf5 43. Bc3 Rc5
44. Bxe5 fxe5 45. Rxg7 exf4 46. Rf7+ 1/2-1/2

[Event "3rd ACT"]
[Site "Amsterdam NED"]
[Date "2006.07.18"]
[Round "4"]
[White "Gullaksen,E"]
[Black "Wempe,Jo"]
[Result "1-0"]
[WhiteElo "2387"]
[BlackElo "2242"]
[EventDate "2006.07.15"]

1. e4 e6 2. d4 d5 3. Nc3 Bb4 4. e5 c5 5. dxc5 Qc7 6. Nf3 Nd7 7. Bf4 Ne7 8.
Bd3 Ng6 9. Bg3 Qxc5 10. O-O Bxc3 11. bxc3 Nb6 12. h4 Ne7 13. h5 Nf5 14.
Bxf5 exf5 15. h6 gxh6 16. Nd4 Be6 17. Qf3 Rg8 18. Rab1 Kd7 19. a4 Rac8 20.
Rb3 Nxa4 21. Rxb7+ Rc7 22. Rxc7+ Kxc7 23. Ra1 Qc4 24. Nxf5 Qxc3 25. Rxa4
Qxf3 26. gxf3 Bxf5 27. Rxa7+ Kc6 28. Rxf7 Bxc2 29. f4 h5 30. Kf1 Bd3+ 31.
Ke1 Kc5 32. e6 Kd4 33. f5 Ra8 34. e7 Bb5 35. Rf8 Ra1+ 36. Kd2 Ra2+ 37. Kc1
Re2 38. f6 Kc3 39. Rc8+ Kd3 40. f7 Re1+ 41. Kb2 1-0

[Event "3rd ACT"]
[Site "Amsterdam NED"]
[Date "2006.07.18"]
[Round "4"]
[White "Van de Fliert,W"]
[Black "Van Delft,M"]
[Result "0-1"]
[WhiteElo "2195"]
[BlackElo "2382"]
[EventDate "2006.07.15"]

1. e4 g6 2. d4 Bg7 3. Nf3 d6 4. h3 a6 5. a4 b6 6. Nc3 Bb7 7. Bc4 e6 8. Bg5
Ne7 9. Qd2 h6 10. Be3 Nd7 11. O-O Kf8 12. Nh2 Nf6 13. Bd3 c5 14. dxc5 bxc5
15. f3 Nc6 16. Ng4 Nxg4 17. fxg4 Ne5 18. Ne2 c4 19. Nd4 Kg8 20. Be2 Bxe4
21. b4 Bb7 22. c3 Kh7 23. Rad1 Qd7 24. a5 Rac8 25. Rf2 Be4 26. Rdf1 Rhf8
27. h4 Nd3 28. Bxd3 Bxd3 29. g5 Bxf1 30. Rxf1 h5 31. Ne2 f5 32. Rd1 d5 33.
Nf4 Qf7 34. Bb6 Rfe8 35. Ne2 Re7 36. Re1 e5 37. Rb1 Rd7 38. b5 axb5 39.
Rxb5 d4 40. a6 dxc3 41. Qxc3 Rd6 42. Qa5 Ra8 43. Kh2 f4 44. Nc3 f3 45. Nd5
f2 0-1

[Event "3rd ACT"]
[Site "Amsterdam NED"]
[Date "2006.07.18"]
[Round "4"]
[White "Hopman,P"]
[Black "Nijboer,F"]
[Result "0-1"]
[WhiteElo "2304"]
[BlackElo "2598"]
[EventDate "2006.07.15"]

1. d4 Nf6 2. c4 g6 3. Nc3 Bg7 4. e4 d6 5. Bd3 O-O 6. Nge2 c5 7. d5 e6 8.
O-O exd5 9. cxd5 Re8 10. Ng3 Nbd7 11. h3 a6 12. a4 Qc7 13. Kh1 h5 14. f4 h4
15. Nge2 c4 16. Bc2 Nc5 17. e5 dxe5 18. f5 Bxf5 19. Bxf5 gxf5 20. Rxf5 Qd7
21. Qf1 Nxd5 22. Nxd5 Qxd5 23. Bg5 Ne4 24. Bxh4 Qe6 25. Ra3 Qh6 26. Be1
Rad8 27. Ng3 Nd6 28. Ba5 Rd7 29. Rh5 Qg6 30. Rh4 Re6 31. Rg4 Qh7 32. Bb4 f5
33. Rg5 c3 34. Rxc3 Qh4 35. Rxg7+ Rxg7 36. Bxd6 Rxg3 37. Rc8+ Kg7 38. Qxf5
Rxh3+ 39. gxh3 Qe1+ 40. Kh2 Qd2+ 41. Kh1 Qd5+ 42. Kh2 Qxd6 43. Rc7+ Qxc7
44. Qxe6 e4+ 45. Kg2 Qc2+ 46. Kg3 Qd3+ 47. Kh4 Kf8 48. Qc8+ Ke7 49. Qxb7+
Kd6 50. Kg4 Qf3+ 51. Kg5 Qg3+ 52. Kf6 Qe5+ 53. Kg6 Qe6+ 0-1

[Event "3rd ACT"]
[Site "Amsterdam NED"]
[Date "2006.07.18"]
[Round "4"]
[White "Tukmakov,V"]
[Black "Slingerland,F"]
[Result "1-0"]
[WhiteElo "2560"]
[BlackElo "2338"]
[EventDate "2006.07.15"]

1. d4 d5 2. c4 dxc4 3. Nf3 Nf6 4. e3 e6 5. Bxc4 a6 6. O-O c5 7. a4 Nc6 8.
Qe2 cxd4 9. Rd1 Be7 10. exd4 O-O 11. Nc3 Nb4 12. Ne5 b6 13. Qf3 Ra7 14. Qg3
Kh8 15. Be3 Nfd5 16. Rac1 f6 17. Nd3 Rc7 18. Nxd5 exd5 19. Nxb4 Rxc4 20.
Nc6 Bd6 21. Bf4 Bxf4 22. Qxf4 Rxc1 23. Rxc1 Qd7 24. Qb8 Re8 25. Qxb6 Qg4
26. Qc5 Qg5 27. h4 Qd2 28. Nb4 Be6 29. Qc3 Qf4 30. Re1 h6 31. Rxe6 Rxe6 32.
Qc8+ Kh7 33. Qxe6 Qc1+ 34. Kh2 Qf4+ 35. Kh3 f5 36. Qe3 Qg4+ 37. Kh2 Qxh4+
38. Kg1 f4 39. Qd3+ Kh8 40. Nxd5 Qg5 41. Qf3 1-0

[Event "3rd ACT"]
[Site "Amsterdam NED"]
[Date "2006.07.18"]
[Round "4"]
[White "Li Shilong"]
[Black "Becker,Mart"]
[Result "1-0"]
[WhiteElo "2540"]
[BlackElo "2335"]
[EventDate "2006.07.15"]

1. e4 c5 2. Nf3 d6 3. d4 cxd4 4. Nxd4 Nf6 5. Nc3 a6 6. Bg5 e6 7. f4 Nbd7 8.
Qf3 Qc7 9. O-O-O b5 10. Bxb5 axb5 11. Ndxb5 Qb8 12. e5 Bb7 13. Qe2 dxe5 14.
Qc4 Bc5 15. Bxf6 gxf6 16. Rxd7 Be3+ 17. Kb1 Kxd7 18. Rd1+ Bd4 19. fxe5 fxe5
20. Nxd4 exd4 21. Qxd4+ Ke7 22. Qb4+ Kf6 23. Qh4+ Kg7 24. Qg5+ Kf8 25. Rd7
Qe8 26. Qh6+ Kg8 27. Rd3 Qb8 28. Rd4 1-0

[Event "3rd ACT"]
[Site "Amsterdam NED"]
[Date "2006.07.18"]
[Round "4"]
[White "Afek,Y"]
[Black "Vazquez,R"]
[Result "0-1"]
[WhiteElo "2316"]
[BlackElo "2517"]
[EventDate "2006.07.15"]

1. e4 c5 2. c3 d5 3. exd5 Qxd5 4. d4 Nf6 5. Nf3 Bg4 6. Be2 e6 7. h3 Bh5 8.
O-O Nc6 9. Be3 cxd4 10. cxd4 Bb4 11. Nc3 Qd6 12. Qb3 O-O 13. Rfd1 Rfd8 14.
g4 Bg6 15. Ne5 Bxc3 16. bxc3 Nxe5 17. dxe5 Qxe5 18. Qxb7 Nd5 19. Bf3 Nxe3
20. Rxd8+ Rxd8 21. Re1 Qxc3 22. Rxe3 Qc5 23. Rb3 h6 24. Rb2 e5 25. Kg2 Bd3
26. Rb3 g6 27. Be4 Bc4 28. Rc3 Bf1+ 0-1

[Event "3rd ACT"]
[Site "Amsterdam NED"]
[Date "2006.07.18"]
[Round "4"]
[White "Cuijpers,F"]
[Black "Van Vliet,J"]
[Result "1-0"]
[WhiteElo "2510"]
[BlackElo "2250"]
[EventDate "2006.07.15"]

1. e4 c5 2. Nf3 Nc6 3. d4 cxd4 4. Nxd4 g6 5. c4 Bg7 6. Be3 Nf6 7. Nc3 d6 8.
Be2 O-O 9. O-O Bd7 10. Qd2 Ng4 11. Bxg4 Bxg4 12. Rac1 a6 13. Nd5 Bd7 14.
Nb3 Be6 15. Rfd1 Bxd5 16. exd5 Ne5 17. Nd4 Qd7 18. h3 b5 19. cxb5 axb5 20.
b3 Qb7 21. Nc6 Rfc8 22. Nb4 Nd7 23. Rc6 Bf8 24. Rdc1 e6 25. Qe2 Nc5 26.
Rxc8 Rxc8 27. dxe6 fxe6 28. Bxc5 Rxc5 29. Qxe6+ Qf7 30. Qe3 Rxc1+ 31. Qxc1
Qf5 32. Qd1 Qc5 33. Nd5 Bg7 34. Nf4 Bd4 35. Nd3 Qf5 36. Qe2 Kf7 37. Kf1 b4
38. Ne1 Bc3 39. Nc2 d5 40. Ne3 Qe4 41. Nc2 Qf5 42. g4 Qf4 43. Qe3 Qxe3 44.
fxe3 Kf6 45. Ke2 Kg5 46. Kd3 Kh4 47. a4 Be5 48. a5 Bc7 49. a6 Bb6 50. Nxb4
1-0

[Event "3rd ACT"]
[Site "Amsterdam NED"]
[Date "2006.07.18"]
[Round "4"]
[White "De Vreugt,D"]
[Black "Strating,S"]
[Result "1-0"]
[WhiteElo "2429"]
[BlackElo "2279"]
[EventDate "2006.07.15"]

1. e4 c6 2. d4 d5 3. Nc3 dxe4 4. Nxe4 Nd7 5. Ng5 Ngf6 6. Bd3 e6 7. N1f3 Bd6
8. Qe2 h6 9. Ne4 Nxe4 10. Qxe4 Nf6 11. Qe2 b6 12. Bd2 Bb7 13. O-O-O Qc7 14.
Ne5 O-O-O 15. f4 Kb8 16. Kb1 c5 17. dxc5 Bxc5 18. Rhe1 h5 19. g3 Ka8 20. h3
Rhf8 21. c4 Nd7 22. Nf3 Nb8 23. Bc3 g6 24. b4 Be7 25. Qe3 Nd7 26. Nd4 a6
27. Nf3 Qc6 28. Nd4 Qc7 29. Be4 Bf6 30. Bxb7+ Qxb7 31. b5 Rc8 32. bxa6 Qxa6
33. Qe4+ Qb7 34. Qxb7+ Kxb7 35. Nb5 Bxc3 36. Rxd7+ Kc6 37. Red1 Bb4 38. Kc2
Kc5 39. Kb3 Rc6 40. R1d5+ exd5 41. Rxd5+ 1-0

[Event "3rd ACT"]
[Site "Amsterdam NED"]
[Date "2006.07.18"]
[Round "4"]
[White "Szymczak,Z"]
[Black "Hendriks,W"]
[Result "1-0"]
[WhiteElo "2288"]
[BlackElo "2426"]
[EventDate "2006.07.15"]

1. d4 d6 2. e4 Nf6 3. Nc3 g6 4. g3 Bg7 5. Bg2 O-O 6. Nge2 Na6 7. O-O c5 8.
h3 cxd4 9. Nxd4 Nc5 10. Be3 Bd7 11. Nb3 Na4 12. Nxa4 Bxa4 13. e5 dxe5 14.
Bxb7 Rb8 15. Qxd8 Rfxd8 16. Bg2 a6 17. Rfd1 e4 18. Rxd8+ Rxd8 19. c4 Nd7
20. Bxe4 Bxb2 21. Rb1 Ba3 22. Bb7 Ne5 23. c5 Rb8 24. Bxa6 Bc6 25. f4 Nd7
26. Rd1 Ba4 27. Rd3 Bxb3 28. Rxd7 Ba4 29. Rb7 Rc8 30. Bb5 Bc2 31. Bd7 Ra8
32. c6 Be4 33. Ra7 1-0

[Event "3rd ACT"]
[Site "Amsterdam NED"]
[Date "2006.07.18"]
[Round "4"]
[White "Breivik,L"]
[Black "Ferguson,M"]
[Result "0-1"]
[WhiteElo "2226"]
[BlackElo "2389"]
[EventDate "2006.07.15"]

1. e4 e5 2. Nc3 Nf6 3. Bc4 Nc6 4. d3 Bb4 5. Bg5 h6 6. Bxf6 Bxc3+ 7. bxc3
Qxf6 8. Ne2 d6 9. O-O g5 10. Bb5 Bd7 11. d4 O-O-O 12. Qd3 Ne7 13. Rfb1 d5
14. dxe5 Qxe5 15. Ba6 Bc6 16. Nd4 bxa6 17. Qxa6+ Kd7 18. exd5 Qxd5 19. Nxc6
Qxc6 20. Rd1+ Ke6 21. Re1+ Kf6 22. Qxa7 Nf5 23. Qa5 Rhe8 24. g3 Ra8 25. Qb4
Rxa2 26. c4 Rxa1 27. Rxa1 Kg6 28. Rd1 Qe4 29. Qc5 Nh4 30. Qxc7 Qg2+ 0-1